| 000 | 00539nam 22001813 4500 | ||
|---|---|---|---|
| 001 | 200941 | ||
| 090 | _a200941 | ||
| 100 | _a20260303 pory50 | ||
| 200 |
_aSensitometria fotográfica _fAntónio de Figueiredo Cabral |
||
| 210 |
_aMem Martins _cEuropa-América _d[19??] |
||
| 215 |
_a103, [5] p. _cil. ; brochado _d18 cm |
||
| 225 |
_aSaber _h128 |
||
| 606 |
_94512 _aFotografia e processos similares |
||
| 675 |
_a77 _vPT _zpor |
||
| 700 |
_916623 _aCabral _bAntónio de Figueiredo |
||
| 801 |
_aPT _bBMMN _gRPC |
||
| 830 | _dVanda | ||
| 990 | _cLIVROS | ||